Seven doors to Islam : spirituality and the religious life of Muslims /

محفوظ في:

المؤلف الرئيسي: Renard, John, 1944-

التنسيق: كتاب

اللغة: English

منشور في: Berkeley : University of California Press, 1996.

الموضوعات:

الوسوم: إضافة وسم

لا توجد وسوم, كن أول من يضع وسما على هذه التسجيلة!

رقم الطلب: BP161.2 .R47 1996

LEADER 00676nam a2200217Ia 4500
003 OSt
005 20250925070553.0
008 220401s1996 caua b s001 0 eng
020 |a 0520204174 
040 |c ARCE Library 
050 4 |a BP161.2 .R47 1996 
100 1 |a Renard, John,   |d 1944- 
245 1 0 |a Seven doors to Islam :   |b spirituality and the religious life of Muslims /   |c John Renard. 
264 1 |a Berkeley :   |b University of California Press,   |c 1996. 
300 |a xv, 333 p. :   |b ill. ;   |c 23 cm. 
504 |a Includes bibliographical references and index. 
650 0 |a Religious life   |x Islam. 
650 0 |a Islam. 
901 |a reviewed 
942 |2 lcc  |c BK 
999 |c 47078  |d 47078